Production and Operation Management (Record no. 52292)

000 -LEADER
fixed length control field 00370nam a2200145Ia 4500
020 ## - INTERNATIONAL STANDARD BOOK NUMBER
International Standard Book Number 9.7881848815e+012
082 ## - DEWEY DECIMAL CLASSIFICATION NUMBER
Classification number 658.5
Item number CHU/P
100 ## - MAIN ENTRY--PERSONAL NAME
Personal name 20260330u\\\\\\\\\\\y0engy0103\\\\ba
100 ## - MAIN ENTRY--PERSONAL NAME
Personal name Chunawalla, S.A.
245 #0 - TITLE STATEMENT
Title Production and Operation Management
250 ## - EDITION STATEMENT
Edition statement 9th
260 ## - PUBLICATION, DISTRIBUTION, ETC.
Place of publication, distribution, etc. New Delhi
Name of publisher, distributor, etc. Himalaya Pub. House
Date of publication, distribution, etc. 2025
300 ## - PHYSICAL DESCRIPTION
Extent 734p.
942 ## - ADDED ENTRY ELEMENTS (KOHA)
Koha item type Book
Holdings
Withdrawn status Lost status Damaged status Not for loan Permanent Location Current Location Date acquired Cost, normal purchase price Full call number Barcode Date last seen Price effective from Koha item type
        MUIT-NOIDA MUIT-NOIDA 2026-03-30 1895.00 658.3 CHU/P SOM01033 2026-03-30 2026-03-30 Book

All Rights Reserved@MUIT

Powered by Koha